Thailand, an assessment of alternative foreign borrowing strategies /

Bibliographic Details
Main Author: Kharas, Homi J., 1954-
Other Authors: Shishido, Hisanobu, 1950-
Format: Book
Language:English
Published: Washington, D.C., U.S.A. : World Bank, 1985.
Series:World Bank staff working paper ; no. 781.
Subjects:

MARC

Tag First Indicator Second Indicator Subfields
LEADER 00000pam a2200000 a 4500
001 in00000436621
005 20151012073121.0
008 851009s1985 dcua bs i00010 eng
010 |a  85026324  
020 |a 0821306669 (pbk.) 
035 |a (OCoLC)12750349 
035 |9 ABX0139AM 
039 0 |a 2  |b 3  |c 3  |d 3  |e 3 
040 |a DLC  |c DLC  |d TXA  |d UtOrBLW 
043 |a a-th--- 
049 |a TXAM  |c [A09858122] 
050 0 0 |a HG5750.55.A3  |b K47 1985 
082 0 |a 336.3/4/09593  |2 19 
100 1 |a Kharas, Homi J.,  |d 1954- 
245 1 0 |a Thailand, an assessment of alternative foreign borrowing strategies /  |c Homi J. Kharas, Hisanobu Shishido. 
264 1 |a Washington, D.C., U.S.A. :  |b World Bank,  |c 1985. 
300 |a 137 pages :  |b illustrations ;  |c 28 cm. 
336 |a text  |b txt  |2 rdacontent 
337 |a unmediated  |b n  |2 rdamedia 
338 |a volume  |b nc  |2 rdacarrier 
490 1 |a World Bank staff working papers,  |x 0253-2115 ;  |v no. 781 
504 |a Bibliography: pages 136-137. 
650 0 |a Investments  |x Government policy  |z Thailand  |x Econometric models. 
650 0 |a Loans, Foreign  |x Government policy  |z Thailand  |x Econometric models. 
651 0 |a Thailand  |x Economic policy  |x Econometric models. 
700 1 |a Shishido, Hisanobu,  |d 1950- 
830 0 |a World Bank staff working paper ;  |v no. 781. 
999 |a MARS 
999 f f |s ba629b4b-e55c-31b0-996b-737cd6f0fc1f  |i 906fc792-9fed-3438-abce-859236529004  |t 0 
952 f f |p ric  |a Texas A&M University  |b Rellis Campus  |c Joint Library Facility  |d Remote Storage  |t 0  |e HG5750.55.A3 K47 1985  |h Library of Congress classification  |i unmediated -- volume  |m A14809858122 
998 f f |a HG5750.55.A3 K47 1985  |t 0  |l Remote Storage